Non-host cities which have been Olympic venues - Statistics

General Stats
  • This quiz has been taken 22 times
  • The average score is 45 of 90
Answer Stats
Question Tile Select % Correct
Places which have played host to events in the Olympic Games. John o' Groats No
95%
Places which have played host to events in the Olympic Games. Brazzaville No
90%
Places which have played host to events in the Olympic Games. Land's End No
85%
Places which have played host to events in the Olympic Games. Timbuktu No
85%
Places which have played host to events in the Olympic Games. Anchorage No
80%
Places which have played host to events in the Olympic Games. Santiago No
80%
Places which have played host to events in the Olympic Games. Marseille Yes
75%
Places which have played host to events in the Olympic Games. Olympia Yes
75%
Places which have played host to events in the Olympic Games. Auckland No
70%
Places which have played host to events in the Olympic Games. Marathon Yes
70%
Places which have played host to events in the Olympic Games. Delhi No
65%
Places which have played host to events in the Olympic Games. Glasgow Yes
65%
Places which have played host to events in the Olympic Games. St-Étienne Yes
65%
Places which have played host to events in the Olympic Games. Addis Ababa No
60%
Places which have played host to events in the Olympic Games. Bridgetown No
60%
Places which have played host to events in the Olympic Games. Casablanca No
60%
Places which have played host to events in the Olympic Games. Cork No
60%
Places which have played host to events in the Olympic Games. Hong Kong Yes
60%
Places which have played host to events in the Olympic Games. Jerusalem No
60%
Places which have played host to events in the Olympic Games. Lubumbashi No
60%
Places which have played host to events in the Olympic Games. Manila No
60%
Places which have played host to events in the Olympic Games. Medellin No
60%
Places which have played host to events in the Olympic Games. Mogadishu No
60%
Places which have played host to events in the Olympic Games. San Salvador No
60%
Places which have played host to events in the Olympic Games. Tehran No
60%
Places which have played host to events in the Olympic Games. Baghdad No
55%
Places which have played host to events in the Olympic Games. Dubai No
55%
Places which have played host to events in the Olympic Games. Dubrovnik No
55%
Places which have played host to events in the Olympic Games. Havana No
55%
Places which have played host to events in the Olympic Games. Kabul No
55%
Places which have played host to events in the Olympic Games. Krakow No
55%
Places which have played host to events in the Olympic Games. Le Havre Yes
55%
Places which have played host to events in the Olympic Games. Nice Yes
55%
Places which have played host to events in the Olympic Games. Pyongyang No
55%
Places which have played host to events in the Olympic Games. Quebec City Yes
55%
Places which have played host to events in the Olympic Games. Tegucigalpa No
55%
Places which have played host to events in the Olympic Games. Ulaanbaatar No
55%
Places which have played host to events in the Olympic Games. Adelaide Yes
50%
Places which have played host to events in the Olympic Games. Alice Springs No
50%
Places which have played host to events in the Olympic Games. Armagh No
50%
Places which have played host to events in the Olympic Games. Cape Town No
50%
Places which have played host to events in the Olympic Games. Carlisle No
50%
Places which have played host to events in the Olympic Games. Nuku'Alofa No
50%
Places which have played host to events in the Olympic Games. Qingdao Yes
50%
Places which have played host to events in the Olympic Games. Savannah Yes
50%
Places which have played host to events in the Olympic Games. Yakutsk No
50%
Places which have played host to events in the Olympic Games. Belo Horizonte Yes
45%
Places which have played host to events in the Olympic Games. Bordeaux Yes
45%
Places which have played host to events in the Olympic Games. Fargo No
45%
Places which have played host to events in the Olympic Games. Hanoi No
45%
Places which have played host to events in the Olympic Games. Inverness No
45%
Places which have played host to events in the Olympic Games. Lyon Yes
45%
Places which have played host to events in the Olympic Games. Newcastle Yes
45%
Places which have played host to events in the Olympic Games. Port-au-Prince No
45%
Places which have played host to events in the Olympic Games. Porto No
45%
Places which have played host to events in the Olympic Games. Rotterdam Yes
45%
Places which have played host to events in the Olympic Games. Southampton Yes
45%
Places which have played host to events in the Olympic Games. Urumqi No
45%
Places which have played host to events in the Olympic Games. Vienna No
45%
Places which have played host to events in the Olympic Games. Aberdeen No
40%
Places which have played host to events in the Olympic Games. Acapulco Yes
40%
Places which have played host to events in the Olympic Games. Boston Yes
40%
Places which have played host to events in the Olympic Games. Bratislava No
40%
Places which have played host to events in the Olympic Games. Busan Yes
40%
Places which have played host to events in the Olympic Games. Canberra Yes
40%
Places which have played host to events in the Olympic Games. Cardiff Yes
40%
Places which have played host to events in the Olympic Games. Chateauroux Yes
40%
Places which have played host to events in the Olympic Games. Coventry Yes
40%
Places which have played host to events in the Olympic Games. Honolulu No
40%
Places which have played host to events in the Olympic Games. Manaus Yes
40%
Places which have played host to events in the Olympic Games. Shanghai Yes
40%
Places which have played host to events in the Olympic Games. Washington Yes
40%
Places which have played host to events in the Olympic Games. Zaragoza Yes
40%
Places which have played host to events in the Olympic Games. Zurich No
40%
Places which have played host to events in the Olympic Games. Annapolis Yes
35%
Places which have played host to events in the Olympic Games. Lausanne No
35%
Places which have played host to events in the Olympic Games. Ocoee, Tennessee Yes
35%
Places which have played host to events in the Olympic Games. Teahupo'o Yes
35%
Places which have played host to events in the Olympic Games. Torquay Yes
30%
Places which have played host to events in the Olympic Games. Brussels Yes
25%
Places which have played host to events in the Olympic Games. Heraklion Yes
25%
Places which have played host to events in the Olympic Games. Kiel Yes
25%
Places which have played host to events in the Olympic Games. Kiev Yes
25%
Places which have played host to events in the Olympic Games. Ryde Yes
25%
Places which have played host to events in the Olympic Games. St. John's No
25%
Places which have played host to events in the Olympic Games. Tallinn Yes
25%
Places which have played host to events in the Olympic Games. Ulm Yes
25%
Places which have played host to events in the Olympic Games. Weymouth Yes
25%
Places which have played host to events in the Olympic Games. Dunoon Yes
20%
Places which have played host to events in the Olympic Games. Minsk Yes
20%
No matching quizzes found
Score Distribution
Percent of People with Each Score
Percentile by Number Answered
Your Score History
You have not taken this quiz